000 00744nam a2200241Ia 4500
003 OSt
005 20220925213621.0
006 a|||||r|||| 00| 0
007 ta
008 220923b |||||||| |||| 00| 0 eng d
037 _cGeneral Book
040 _aRTL
_cRTL
_beng
041 _2eng
_aeng
082 _aX512:89P.3.N6, K8
100 _aGeorge K D
_9278702
245 0 _aProductivity and capital expenditure in retailing
260 _aLondon
_bCambridge Univesity Press
_c1968
300 _a86p.
_ccm.
490 _aUniversity of Cambridge, applied economics (deptt of--), Occasional papers. 16
650 _aRetail
_9233455
942 _hX512:89P.3.N6, K8
_cGB
_2CC
999 _c563333
_d563333